|
|
|
|
| LEADER |
00000naa2a2200000 4500 |
| 001 |
626155 |
| 005 |
20231101133410.0 |
| 035 |
|
|
|a (RuTPU)RU\TPU\conf\25508
|
| 035 |
|
|
|a RU\TPU\conf\25507
|
| 090 |
|
|
|a 626155
|
| 100 |
|
|
|a 20180219d2017 k y0rusy50 ca
|
| 101 |
0 |
|
|a rus
|
| 102 |
|
|
|a RU
|
| 105 |
|
|
|a y z 101zy
|
| 135 |
|
|
|a drgn ---uucaa
|
| 181 |
|
0 |
|a i
|
| 182 |
|
0 |
|a b
|
| 200 |
1 |
|
|a Процесс формирования лидерских качеств у студентов в образовательной среде университета
|f Л. В. Ануфриенко
|
| 203 |
|
|
|a Текст
|c электронный
|
| 230 |
|
|
|a 1 компьютерный файл (pdf; 359 Кb)
|
| 300 |
|
|
|a Заглавие с титульного экрана
|
| 320 |
|
|
|a [Библиогр.: с. 12 (4 назв.)]
|
| 463 |
|
0 |
|0 (RuTPU)RU\TPU\conf\25487
|t Межкультурная коммуникация: теория и практика
|o сборник научных трудов XVII Международной научно-практической конференции "Лингвистические и культурологические традиции и инновации", Томск, 11-13 октября 2017 г.
|f Национальный исследовательский Томский политехнический университет (ТПУ) ; под ред. Д. М. Токмашева [и др.]
|v [С. 8-12]
|d 2017
|
| 610 |
1 |
|
|a электронный ресурс
|
| 610 |
1 |
|
|a лидерские качества
|
| 610 |
1 |
|
|a студенты
|
| 610 |
1 |
|
|a образовательная среда
|
| 610 |
1 |
|
|a личность
|
| 610 |
1 |
|
|a лидерство
|
| 700 |
|
1 |
|a Ануфриенко
|b Л. В.
|
| 712 |
0 |
2 |
|a Полоцкий государственный университет
|
| 801 |
|
2 |
|a RU
|b 63413507
|c 20180221
|g RCR
|
| 856 |
4 |
|
|u http://earchive.tpu.ru/handle/11683/46381
|
| 942 |
|
|
|c BK
|